Gaming Quiz

Random Gaming or Mario Quiz
Score 0/32 Timer 08:00
7 Plays Today
Cup Type Race Type % Correct
Special CupRainbow Road
89.8%
Leaf CupBowser Castle 3
78.3%
Special CupBowser's Castle
76.5%
Lightning CupBowser's Castle
76.5%
Mushroom CupLuigi Circuit
76.5%
Lightning CupMario Circuit 3
74.9%
Flower CupMario Circuit
74.9%
Leaf CupMario Circuit
74.9%
Mushroom CupMushroom Gorge
67.7%
Mushroom CupToad's Factory
66.6%
Flower CupCoconut Mall
64.9%
Mushroom CupMoo Moo Meadows
64.9%
Flower CupWario's Goldmine
60.5%
Star CupMaple Treeway
56.9%
Star CupDaisy Circuit
56.6%
Shell CupPeach Beach
55.6%
Cup Type Race Type % Correct
Star CupKoopa Cape
55.5%
Shell CupYoshi Falls
54%
Lightning CupDK Mountain
52.1%
Banana CupWaluigi Stadium
51%
Special CupMoonview Highway
50.7%
Flower CupDK Summit
49.8%
Star CupGrumble Volcano
49.6%
Banana CupDelfino Square
46.6%
Lightning CupPeach Gardens
46%
Special CupDry Dry Ruins
45%
Banana CupShy Guy Beach
43.6%
Shell CupMario Raceway
42.4%
Shell CupGhost Valley 2
41.5%
Banana CupSherbet Land
40.4%
Leaf CupDK's Jungle Parkway
36.3%
Leaf CupDesert Hills
32%
Remove Ads.
Support Sporcle.
Get the best of Sporcle when you Go Orange. This ad-free experience offers more features, more stats, and more fun while also helping to support Sporcle. Thank you for becoming a member.

You're not logged in!

Compare scores with friends on all Sporcle quizzes.
OR
Log In

Show Comments

Extras

Top Quizzes Today


Score Distribution

Your Account Isn't Verified!

In order to create a playlist on Sporcle, you need to verify the email address you used during registration. Go to your Sporcle Settings to finish the process.

Report this User

Report this user for behavior that violates our Community Guidelines.

Details: